| 000 | 00521nam a2200193Ia 4500 | ||
|---|---|---|---|
| 003 | OSt | ||
| 005 | 20250507140638.0 | ||
| 008 | 210210b1973 xxu||||| |||| 00| 0 eng d | ||
| 040 | _cAL | ||
| 041 | _aKannada | ||
| 082 | _aK894.3 MURS | ||
| 100 |
_aMURTI (Ma Na). _dಮೂರ್ತಿ (ಮ ನ) _9209579 |
||
| 245 |
_aSamshayada suli. _bಸಂಶಯದ ಸುಳಿ |
||
| 260 |
_aBengaluru _bRajalakshmi Prakashana _c1973 |
||
| 300 | _a200 | ||
| 690 |
_aKannada Fiction _9209580 |
||
| 906 | _a031041 | ||
| 942 |
_2ddc _cBK |
||
| 999 |
_c82223 _d82223 |
||